Egy HR szolgáltató marketingkommunikációs eszközeinek vizsgálata

Bibliographic Details
Main Author: Gregor Blanka
Other Authors: Hlédik Dr. Erika
Format: Thesis
Kulcsszavak:Marketingkommunikáció
Kommunikációs eszközök
Munkaerőpiac
Humán erőforrás menedzsment
Online Access:http://dolgozattar.uni-bge.hu/442

MARC

LEADER 00000nta a2200000 i 4500
001 dolg442
005 20151016123553.0
008 150305suuuu hu om 000 hun d
040 |a BGE Dolgozattár Repozitórium  |b hun 
041 |a hu 
100 1 |a Gregor Blanka 
245 1 0 |a Egy HR szolgáltató marketingkommunikációs eszközeinek vizsgálata   |c Gregor Blanka  |h [elektronikus dokumentum] 
695 |a Marketingkommunikáció  
695 |a Kommunikációs eszközök 
695 |a Munkaerőpiac 
695 |a Humán erőforrás menedzsment 
700 1 |a Hlédik Dr. Erika  |e ths 
856 4 0 |u http://dolgozattar.uni-bge.hu/442/1/Gregor_Blanka_Szakdolgozat_2014.pdf  |z Dokumentum-elérés